Statistiken für Geometrie: Alle Vierecke

Klicken Sie hier um das Quiz zu spielen!

Allgemein

  • Dieses Quiz wurde 211 mal gespielt
  • Das Durchschnittsergebnis liegt bei 5 aus 8

Antwortstatistiken

EigenschaftenAntwort% Korrekt
Vier gleich lange Seiten,
vier rechte Winkel
Quadrat
97%
Vier rechte WinkelRechteck
96%
Gegenüberliegende Seiten parallelParallelogramm
86%
Zwei Seiten parallel zueinanderAllgemeines Trapez
76%
Vier gleich lange SeitenRaute
69%
Vier SeitenAllgemeines Viereck
66%
Enthält diagonale SymmetrieachseDrachenviereck
40%
Zwei Seiten parallel zueinander,
zwei anderen Seiten gleich lang
(=> zwei gleich große Winkelpaare)
Gleichschenkliges Trapez
16%

Verteilung der Resultate

Perzentil nach korrekt beantworteten Fragen

Anzahl Personen mit jedem Resultat

Ihre Resultats-Entwicklung

Sie haben dieses Quiz noch nicht gespielt